000 00736nam a2200241Ia 4500
003 OSt
005 20220928133358.0
006 a|||||r|||| 00| 0
007 ta
008 220927b |||||||| |||| 00| 0 hin d
020 _c49
024 _a107532
037 _b700, 18/05/2010, Pioneer Book Distributors
_cVideo
040 _aSDCL
_cSDCL
_bhin
041 _2hin
_ahin
082 _aNW2,NSR,1, P9 ILLL
100 _aSantoshi Rajkumar
_9485457
245 0 _aDamini.(CD).
260 _aMumbai
_bShemaroo Entertainment
_c2009
650 _aInstitute of Life Long Learning
942 _hNW2,NSR,1, P9 ILLL
_cAUD
_2CC
999 _c799438
_d799438